000
00273nam a2200109Ia 4500
008
230907s9999||||xx |||||||||||||| ||und||
082
_a
620.1126
_b
FAT
245
0
_a
Fatigue and fracture mechanics :
260
_a
ASTM,
_b
New Jersey :
_c
2003
300
_a
776 p.
942
_c
BK
999
_c
599892
_d
599892